000 00724cam a2200265 4500500
005 20260405003554.0
041 _afre
042 _adc
100 1 0 _aGastineau, Nicolas
_eauthor
245 0 0 _aSimone contre Simone
260 _c2022.
500 _a6
690 _aAscétisme
690 _aAutrui
690 _aBeauvoir
690 _aCompassion
690 _aEngagement
690 _aExistentialisme
690 _aFemme
690 _aPlaisir
690 _aSimone Weil
690 _aWolfram Eilenberger
786 0 _nPhilosophie magazine | 163 | 10 | 2022-10-01 | p. 21-22 | 1951-1787
856 4 1 _uhttps://shs.cairn.info/magazine-philosophie-magazine-2022-10-page-21?lang=fr&redirect-ssocas=7080
999 _c2068874
_d2068874